Strength to strength : (Registro nro. 31253)

Detalles MARC
000 -LEADER
campo de control de longitud fija 03454cam a22005174i 4500
003 - IDENTIFICADOR DE NÚMERO DE CONTROL
campo de control PE-LiUPU
005 - FECHA Y HORA DE LA ÚLTIMA TRANSACCIÓN
campo de control 20250731173115.0
008 - DATOS DE LONGITUD FIJA--INFORMACIÓN GENERAL
campo de control de longitud fija 190320s2018 xxu rb 001 0 eng d
020 ## - NÚMERO INTERNACIONAL ESTÁNDAR DEL LIBRO
Número Internacional Estándar del Libro 1946527114
020 ## - NÚMERO INTERNACIONAL ESTÁNDAR DEL LIBRO
Número Internacional Estándar del Libro 9781946527110
035 ## - NÚMERO DE CONTROL DEL SISTEMA
Número de control de sistema (Sirsi) a251995
040 ## - FUENTE DE CATALOGACIÓN
Centro catalogador/agencia de origen PE-LiUPU
Lengua de catalogación spa
Centro/agencia transcriptor PE-LiUPU
Normas de descripción rda
049 ## - FONDOS LOCALES (OCLC)
Biblioteca depositaria PRUA
082 04 - NÚMERO DE LA CLASIFICACIÓN DECIMAL DEWEY
Número de clasificación 220.6
Cutter S8
Número de edición 23
245 00 - MENCIÓN DEL TÍTULO
Título Strength to strength :
Resto del título essays in appreciation of Shaye J.D. Cohen /
Mención de responsabilidad, etc. editor Michael L. Satlow.
264 #1 - PRODUCCIÓN, PUBLICACIÓN, DISTRIBUCIÓN, FABRICACIÓN Y COPYRIGHT
Producción, publicación, distribución, fabricación y copyright Providence :
Nombre del de productor, editor, distribuidor, fabricante Brown Judaic Studies,
Fecha de producción, publicación, distribución, fabricación o copyright [2018].
300 ## - DESCRIPCIÓN FÍSICA
Extensión xiv, 714 páginas ;
Dimensiones 23 centímetros.
336 ## - TIPO DE CONTENIDO
Término de tipo de contenido text
Fuente rdacontent
337 ## - TIPO DE MEDIO
Nombre/término del tipo de medio unmediated
Fuente rdamedia
338 ## - TIPO DE SOPORTE
Nombre/término del tipo de soporte volume
Fuente rdacarrier
504 ## - NOTA DE BIBLIOGRAFÍA, ETC.
Nota de bibliografía, etc. Bibliografía: páginas 675-686.
504 ## - NOTA DE BIBLIOGRAFÍA, ETC.
Nota de bibliografía, etc. Índice: páginas 687-714.
505 0# - NOTA DE CONTENIDO CON FORMATO
Nota de contenido con formato Shaye J. D. Cohen: An Appreciation -- Signs of Poetry Past: literariness in pre-biblical -- Prohibited Bodies in Leviticus 18 -- The Territoriality of YHWH in Biblical Texts -- Jerusalem in Greek and Latin Literature -- No Ancient Judaism -- Early Jewish Knowledge of Greek Medicine -- The Problem of the Hyphen and Jewish/Judean Ethnic Identity -- What Did They See When They Read the Genesis Apocryphon in the First Decade after Its Publication? -- The Tetragrammaton in the Habakkuk Pesher -- Laws Pertaining to Purification after Childbirth in the Dead Sea Scrolls -- Philo and Jewish Ethnicity -- Josephus's "Samaias-Source"The Two Gentlemen of Trachonitis -- Why "Common Judaism" Does Not Look like Mediterranean Religion -- Paul's Scriptures; Galatians 6:12 on Circumcision and Persecution -- Early Rabbinic Midrash between Philo and Qumran -- Charity as a Negative Obligation in Early Rabbinic Literature -- Interspecies and Cross-species Generation -- Toward a History of Rabbinic Powerlessness -- Hair's the Thing -- Three Crowns; Ahiqar and Rabbinic Literature -- Guidelines for the Ideal Way of Life -- Some Aspects of Ancient Legal Thought -- The Role of Disgust in Rabbinic Ethics -- The Place of Shabbat -- An Analysis of Sugyot Containing the Phrase Lo Savar Lah Mar in the Babylonian TalmudLiving on the Edge -- "Epigraphical Rabbis" in Their Epigraphical Contexts -- Palaestina Secunda -- Did Constantine Really Prohibit (All) "Conversion to Judaism" in 329? -- Taming the Jewish Genie -- Reinventing Yavneh in Sherira's Epistle; On Medieval Jewish Prophecy -- Hitler and Antiochus, Hellenists and Rabbinerdoktoren -- Abel J. Herzberg's The Memoirs of King Herod -- Study Is Greater, for Study Leads to Action -- Dicing and Divination.
526 ## - NOTA DE INFORMACIÓN SOBRE EL PROGRAMA DE ESTUDIO
Nombre del programa Segunda Especialidad En Profecías Bíblicas
526 ## - NOTA DE INFORMACIÓN SOBRE EL PROGRAMA DE ESTUDIO
Nombre del programa Segunda Especialidad En Nuevo Testamento
526 ## - NOTA DE INFORMACIÓN SOBRE EL PROGRAMA DE ESTUDIO
Nombre del programa Segunda Especialidad En Antiguo Testamento
526 ## - NOTA DE INFORMACIÓN SOBRE EL PROGRAMA DE ESTUDIO
Nombre del programa Segunda Especialidad En Estudios Adventistas
526 ## - NOTA DE INFORMACIÓN SOBRE EL PROGRAMA DE ESTUDIO
Nombre del programa Doctorado en teología
526 ## - NOTA DE INFORMACIÓN SOBRE EL PROGRAMA DE ESTUDIO
Nombre del programa Maestría en teología histórica
526 ## - NOTA DE INFORMACIÓN SOBRE EL PROGRAMA DE ESTUDIO
Nombre del programa Maestría en teología bíblica
526 ## - NOTA DE INFORMACIÓN SOBRE EL PROGRAMA DE ESTUDIO
Nombre del programa Maestría en teología
526 ## - NOTA DE INFORMACIÓN SOBRE EL PROGRAMA DE ESTUDIO
Nombre del programa Maestría en misionología
526 ## - NOTA DE INFORMACIÓN SOBRE EL PROGRAMA DE ESTUDIO
Nombre del programa Maestría en liderazgo eclesiástico
526 ## - NOTA DE INFORMACIÓN SOBRE EL PROGRAMA DE ESTUDIO
Nombre del programa Teología
596 ## -
-- 1
650 04 - PUNTO DE ACCESO ADICIONAL DE MATERIA--TÉRMINO DE MATERIA
Término de materia o nombre geográfico como elemento de entrada Hermeneutik.
Número de control del registro de autoridad o número normalizado (DE-588)4128972-9
Fuente del encabezamiento o término gnd.
650 07 - PUNTO DE ACCESO ADICIONAL DE MATERIA--TÉRMINO DE MATERIA
Término de materia o nombre geográfico como elemento de entrada Judentum.
Número de control del registro de autoridad o número normalizado (DE-588)4114087-4
Fuente del encabezamiento o término gnd.
650 04 - PUNTO DE ACCESO ADICIONAL DE MATERIA--TÉRMINO DE MATERIA
Término de materia o nombre geográfico como elemento de entrada Rabbinische Literatur.
Número de control del registro de autoridad o número normalizado (DE-588)4048110-4
Fuente del encabezamiento o término gnd.
650 04 - PUNTO DE ACCESO ADICIONAL DE MATERIA--TÉRMINO DE MATERIA
Término de materia o nombre geográfico como elemento de entrada Criticism, interpretation, etc.
Fuente del encabezamiento o término fast
Número de control del registro de autoridad o número normalizado (OCoLC)fst01411635.
700 1# - ENTRADA AGREGADA--NOMBRE PERSONAL
Nombre de persona Satlow, Michael L.,
Término indicativo de función/relación editor.
910 ## - DATOS DE OPCIÓN DEL USUARIO (OCLC)
Datos de opción del usuario dbm
-- ksl
-- ksl
-- 20190320
942 ## - ELEMENTOS DE ENTRADA SECUNDARIOS (KOHA)
Fuente del sistema de clasificación o colocación Clasificación Decimal Dewey
Tipo de ítem Koha
994 ## -
-- C0
-- PEPRU
999 ## - NÚMEROS DE CONTROL DE SISTEMA (KOHA)
-- DEWEY
-- 80053
-- 2021-11-9
-- 3
-- CCODEBUL1
-- BUL
-- 49.00
-- 0
-- Y
-- BOOK
-- 2019-3-20
-- TEOLOGIA
-- P35
-- DONACION
-- .STAFF. Colección Teología
980 ## - EQUIVALENCIA O REFERENCIA-CRUZADA-MENCIÓN DE SERIE--NOMBRE DE PERSONA/TÍTULO [LOCAL, CANADÁ]
ID del último usuario que modificó el registro 1
Nombre del último usuario que modificó el registro ALBERTO SANCHEZ Responsable de Automatización
Existencias
Visto por última vez Número de inventario Total de préstamos Signatura topográfica completa Código de barras Copia número Coste, precio de reemplazo Fecha de reemplazo Facultad Tipo de ítem Koha Nota pública Estado de pérdida Fuente del sistema de clasificación o colocación Restricciones de uso No para préstamo Colección Programa académico Biblioteca de origen Biblioteca actual Ubicación en estantería Fecha de adquisición Fuente de adquisición Coste, precio normal de compra
2025-12-02 4   220.6 S8 80053 e1 54.00 2019-03-20   Libros físicos inventario-2023-12-13 No Perdido Clasificación Decimal Dewey No restringido Disponible para préstamos Colección General Teología Biblioteca CRAI UPeU Lima Biblioteca CRAI UPeU Lima Sala principal 2019-03-20 DONACION 49.00